Participatory rural governance in India (Record no. 45117)

000 -LEADER
fixed length control field 01046pab a2200193 454500
008 - FIXED-LENGTH DATA ELEMENTS--GENERAL INFORMATION
fixed length control field 180718b2000 xxu||||| |||| 00| 0 eng d
100 ## - MAIN ENTRY--PERSONAL NAME
Personal name Datta, Prabhat
245 ## - TITLE STATEMENT
Title Participatory rural governance in India
260 ## - PUBLICATION, DISTRIBUTION, ETC.
Date of publication, distribution, etc. 2000
300 ## - PHYSICAL DESCRIPTION
Extent p.38-49.
362 ## - DATES OF PUBLICATION AND/OR SEQUENTIAL DESIGNATION
Dates of publication and/or sequential designation Jan-Mar
520 ## - SUMMARY, ETC.
Summary, etc. Probing participatory rural governance in India through the institution of Gram Sabhas, the basic unit, the authors first examine its structure, nature, and evolution. Imparting focus on West Bengal's Gram Sansad, they make a comparative assessment on its efficacy vis-a-vis Gram Sabhas in other states. Concentrating on enhancing people's participation, they give some weightage to West Bengal experience and conclude by prescribing certain measures which need to be implemented to obtain the desired advantage of people's participation. - Reproduced
650 ## - SUBJECT ADDED ENTRY--TOPICAL TERM
Topical term or geographic name entry element Panchayat - India - West Bengal
650 ## - SUBJECT ADDED ENTRY--TOPICAL TERM
Topical term or geographic name entry element Panchayat
700 ## - ADDED ENTRY--PERSONAL NAME
Personal name Bhattacharyya Sen, Panchali
773 ## - HOST ITEM ENTRY
Main entry heading Indian Journal of Public Administration
908 ## - PUT COMMAND PARAMETER (RLIN)
Put command parameter N
909 ## -
-- 45117
Holdings
Withdrawn status Lost status Damaged status Not for loan Permanent Location Current Location Date acquired Serial Enumeration / chronology Barcode Date last seen Price effective from Koha item type
        Indian Institute of Public Administration Indian Institute of Public Administration 2018-07-19 Volume no: 46, Issue no: 1 AR45539 2018-07-19 2018-07-19 Articles

Powered by Koha